LEADER 01268nam a2200253 a 4500 001 000000141176 003 CaOOAMICUS 005 20150115095457.0 008 150115s1980 it u001 u ita r 040 $aPUL$bita 100 1 $aSaccone, Salvatore.$0(OLS)http://pul/name/90902 245 13$aIl viaggio di Padre Domenico Bernardi in Brasile ed in Africa nel quadro dell'attivita missionaria dei Cappuccini agli inizi dell'eta moderna. Con il testo della Relazione del "Viaggio" /$cSalvatore Saccone. 260 $aBologna :$bPātron,$cŠ1980. 300 $a238 p. ;$c24 cm 504 $aBibliografia in nota. 600 14$aBernardi, Domenico.$0(OLS)http://pul/subject/41077 610 24$aCappuccini$xMissioni.$0(OLS)http://pul/subject/21524 850 $aPUL 852 $aPUL$W1$xDP1 Fondo Capitani$y116$m3 C 9$j44349$qFondi$B162757$CPULBib$Z2$F162757 $HCap1493 $82 941 1 $a1 961 $aDedica autografa dell'A. 996 $6245$aIl viaggio di Padre Domenico Bernardi in Brasile ed in Africa nel quadro dell'attivita missionaria dei Cappuccini agli inizi dell'eta moderna. Con il testo della Relazione del "Viaggio"$9(OLS)http://pul/title/178648 996 $6260$aBologna :$bPātron$9(OLS)http://pul/publisher/48272 LEADER 01433nam a2200349 a 4500 001 000000133898 003 CaOOAMICUS 005 20130510121431.0 008 130510s1974 it u000 u ita r 040 $aPUL$bita 041 1 $aita$hger 100 1 $aMarx, Karl,$d1818-1883.$0(OLS)http://pul/name/35606 240 10$aZur Kritik del Politischen Ökonomie.$lItaliano.$0(OLS)http://pul/title/169266 245 10$aPer la critica dell'economia politica /$cKarl Marx ; introduzione di Maurice Dobb. 250 $a3. ed. 260 $aRoma :$bEditori Riuniti,$c1974. 300 $aXIX, 225 p. ;$c22 cm 490 1 $aBiblioteca del pensiero moderno ;$v14 500 $aInclude indici. 504 $aNote bibliografiche. 650 4$aEconomia politica.$0(OLS)http://pul/subject/7140 650 4$aEconomia$xFilosofia.$0(OLS)http://pul/subject/36806 700 1 $aDobb, Maurice.$0(OLS)http://pul/name/86269 830 0$aBiblioteca del pensiero moderno (Editori Riuniti) ;$v14.$0(OLS)http://pul/title/31991 850 $aPUL 852 $aPUL$W1$xDP1 Fondo E. Rossi$y115$m1 M 38$j153932$a3. rist.$qFondi$B153506$CPULBib$Z2$F153506 $82 900 $aMarx, Carlo$935606 941 1 $a1 961 $aSul dorso collocazione ms. di E. Rossi: M 34 996 $6245$aPer la critica dell'economia politica$9(OLS)http://pul/title/169267 996 $6260$aRoma :$bEditori Riuniti$9(OLS)http://pul/publisher/54152